00578nam a2200145 a 450000100100000000500170001000800410002704000250006804100380009308200150013124501540014624600730030026000370037330000220041000003422320200930070900.0110928s1942 dr 000 0 spa d aDO-SdBNPbspacBNPHU17aspaheng2Código de idioma MARC axxxxbR43200aReseña de Ruinas y monumentos históricos de Ciudad Trujillo para turistas = Suide of historical ruins and monuments of Trujillo city for turists. aSuide of historical ruins and monuments of Trujillo city for turists aSanto Domingo :b[s. n.],c1942. a[50 p.] ;c23 cm.